Η λάμψη των ιδεών : μορφές της εποχής μας σκιαγραφούν το προφίλ του αιώνα στο φως του 2000

Αποθηκεύτηκε σε:
Λεπτομέρειες βιβλιογραφικής εγγραφής
Κύριος συγγραφέας: Solzhenitsyn, Aleksandr Isaevich, 1918-2008
Άλλοι συγγραφείς: Ζαχαροπούλου, Ελένη (trlf)
Μορφή: Βιβλίο
Γλώσσα:Greek
English
Δημοσίευση: Αθήνα : Terzo Books, c1998.
Θέματα:
Ετικέτες: Προσθήκη ετικέτας
Δεν υπάρχουν, Καταχωρήστε ετικέτα πρώτοι!

MARC

LEADER 00000cam a2200000 i 4500
001 1/67682
008 041209s1998 gr | ||| |||| ||gre||
020 |a 960786705X 
035 |l 10075634 
040 |a GR-MyUA  |b gre  |e AACR2 
041 1 |a gre  |h eng 
082 0 |a 909.82  |2 (21) 
100 1 |a Solzhenitsyn, Aleksandr Isaevich,   |d 1918-2008. 
245 1 2 |a Η λάμψη των ιδεών :   |b μορφές της εποχής μας σκιαγραφούν το προφίλ του αιώνα στο φως του 2000 /   |c Αλεξάντρ Σολζενίτσιν ... [κ. ά.]. ; [μετάφραση Ελένη Ζαχαροπούλου].  
260 |a Αθήνα :   |b Terzo Books,   |c c1998.  
300 |a xv, 328 σ. ;   |c 23 εκ.  
500 |a " Η Λάμψη των Ιδεών είναι μία σπάνια συλλογή από εμπνευσμένα κείμενα και συνεντέυξεις με 27 μορφές της εποχής μας που σκιαγραφούν τον αιώνα στο φως του 2000". 
500 |a Τίτλος πρωτοτύπου: At century's end.  
650 0 0 |a Civilization, Modern  |y 1950- 
650 0 0 |a World politics  |y 1989- 
700 1 |a Ζαχαροπούλου, Ελένη,  |e trlf 
852 |a INST  |b SYROS  |e 20041209  |h 909.82 ΛΑΜ  |p 005500004212  |q 005500004212  |t BK  |y 0 
901 |a BIBL5-2004-3 
909 |a Ε  |b 111703 
920 |a ΔΙΕΥΡΥΝΣΗ  |b ΕΠΕΑΕΚ-ΤΜΣΠΣ  |y Σύρος  |z 2004-10 
970 |a ΚΟΝΤΟΥ  |b ΠΑΡΑΣΚΕΥΗ  |z 2004/12/09